Математическое моделирование процесса каталитического риформинга бензинов на промышленной установке Л-35-11/1000 Омского НПЗ; Химия и химическая технология в XXI веке

التفاصيل البيبلوغرافية
Parent link:Химия и химическая технология в XXI веке.— 2008.— С. 225-226
المؤلف الرئيسي: Поддубняк А. А.
مؤلفون آخرون: Иванчина Э. Д. Эмилия Дмитриевна (научный руководитель)
اللغة:الروسية
منشور في: 2008
الموضوعات:
التنسيق: MixedMaterials فصل الكتاب
KOHA link:https://koha.lib.tpu.ru/cgi-bin/koha/opac-detail.pl?biblionumber=168046

MARC

LEADER 00000naa2a2200000 4500
001 168046
005 20231031163003.0
035 |a (RuTPU)RU\TPU\book\182324 
090 |a 168046 
100 |a 20091023d2008 k y0rusy50 ca 
101 0 |a rus 
102 |a RU 
200 1 |a Математическое моделирование процесса каталитического риформинга бензинов на промышленной установке Л-35-11/1000 Омского НПЗ  |f А. А. Поддубняк  |g науч. рук. Э. Д. Иванчина 
463 1 |0 (RuTPU)RU\TPU\book\176288  |t Химия и химическая технология в XXI веке  |o IX Всероссийская научно-практическая конференция студентов и аспирантов, Томск, 14-16 мая 2008 г.  |o сборник материалов  |f Томский политехнический университет (ТПУ) ; Химия и химическая технология в XXI веке  |v С. 225-226  |d 2008  |p 338 с. 
610 1 |a нефтепереработка 
610 1 |a моделирование 
610 1 |a каталитический риформинг 
610 1 |a бензин 
610 1 |a промышленные установки 
610 1 |a математическое моделирование 
610 1 |a труды учёных ТПУ 
610 1 |a технологические процессы 
700 1 |a Поддубняк  |b А. А. 
702 1 |a Иванчина  |b Э. Д.  |c химик  |c профессор Томского политехнического университета, доктор технических наук  |f 1951-  |g Эмилия Дмитриевна  |2 stltpush  |4 727 
801 1 |a RU  |b 63413507  |c 20091023 
801 2 |a RU  |b 63413507  |c 20140524  |g RCR 
942 |c BK